Misteri dunia : rahsia di sebalik rahsia
| Main Author: | |
|---|---|
| Format: | Book |
| Published: |
Shah Alam :
Alaf 21 ,
2008
|
| Series: | INTAN management series
|
| Subjects: |
MARC
| LEADER | 00000cam a2200000 7i4500 | ||
|---|---|---|---|
| 001 | 0000004196 | ||
| 005 | 20190521.0 | ||
| 020 | 0 | 0 | |a 9789831243701 |
| 090 | 0 | 0 | |a 001.94 |b NAS |
| 100 | 1 | 0 | |a Nasron Sira Rahim |
| 245 | 1 | 0 | |a Misteri dunia : |b rahsia di sebalik rahsia |c Nasron Sira Rahim |
| 260 | 0 | 0 | |a Shah Alam : |b Alaf 21 , |c 2008 |
| 300 | |a 303 ms : |b .ill.. ; |c 22cm. | ||
| 440 | 0 | 0 | |a INTAN management series |
| 650 | 0 | 0 | |a Mystery |
| 650 | 0 | 0 | |a Supernatural |
| 998 | |a JPSM | ||
| 999 | |a 008088 |b Monograph |c Open Shelf |e Default branch | ||